Statistics for British Singers Who've Cracked America!

Click here to take the quiz!

General Stats

  • This quiz has been taken 583 times
  • The average score is 6 of 9

Answer Stats

HintAnswer% Correct
Set Fire To The Rain, Rolling In The Deep, Someone Like YouAdele
99%
What Makes You Beautiful, One ThingOne Direction
88%
DominoJessie J
73%
The A TeamEd Sheeran
69%
Paradise, Princess Of ChinaColdplay
66%
Glad You Came, Chasing The SunThe Wanted
65%
Want U BackCher Lloyd
43%
LightsEllie Goulding
38%
How We DoRita Ora
32%

Score Distribution

Percentile by Number Answered

Percent of People with Each Score

Your Score History

You have not taken this quiz